| 000 | 00887nam a2200277 u 4500 | ||
|---|---|---|---|
| 001 | 1123589 | ||
| 005 | 20260507085631.0 | ||
| 008 | 090210s2006 spa | ||
| 020 | _a848191021X | ||
| 035 | _a1123589 | ||
| 035 | _a(OCoLC)777274945 | ||
| 040 | _ccomduadb | ||
| 041 | _aspa | ||
| 082 | 4 | _a194 | |
| 100 | 1 | 0 |
_aDeleuze, Gilles, _d1925-1995 _4aut _0(isni)0000 0001 2277 323X _0(viaf)22140703 _eaut _9504264 |
| 245 | 1 | 0 | _aConversaciones,1972-1990 |
| 250 | _a4. ed. | ||
| 260 |
_aBarcelona : _bPre-Textos, _c2006. |
||
| 300 | _a290 páginas | ||
| 650 | 0 |
_aCine _943537 |
|
| 650 | 7 |
_aComplejo de Edipo _2lemb _91004 |
|
| 650 | 7 |
_aFilosofía francesa _2lemb _9551 |
|
| 650 |
_aFoucault, Michel, 1926-1984 - Pensamiento político y social _941566 |
||
| 700 | 1 | 0 |
_aPardo, José Luis, _d1954- _4trl _0(isni)0000 0001 2122 3789 _0(viaf)17280880 _etrl _9510700 |
| 942 | _cBOOK | ||
| 999 |
_c488085 _d488085 |
||